| 000 | 01854cam a2200541 i 4500 | ||
|---|---|---|---|
| 001 | 9042533 | ||
| 003 | ARRUPE | ||
| 005 | 20150518145936.0 | ||
| 008 | 780802s1977 enkb b 001 0 eng | ||
| 010 | _a 78309993 | ||
| 015 | _aGB*** | ||
| 015 | _aB7811605 | ||
| 020 | _a0853020515 | ||
| 020 | _a9780853020516 | ||
| 029 | 1 |
_aNLGGC _b780122135 |
|
| 029 | 1 |
_aNZ1 _b3582197 |
|
| 029 | 1 |
_aAU@ _b000001253068 |
|
| 029 | 1 |
_aZWZ _b01843519X |
|
| 029 | 1 |
_aUNITY _b001051954 |
|
| 029 | 1 |
_aUKLBR _b0853020515 |
|
| 029 | 1 |
_aUKSLI _b0853020515 |
|
| 029 | 1 |
_aHR0 _b0853020515 |
|
| 029 | 1 |
_aLWM _b0853020515 |
|
| 029 | 1 |
_aHEBIS _b27362878X |
|
| 035 | _a(OCoLC)ocm03639100 | ||
| 035 |
_a(OCoLC)3639100 _z(OCoLC)60028185 |
||
| 035 | _a(NNC)9042533 | ||
| 040 |
_aDLC _cDLC _dMUQ _dOCLCG _dLGG _dUKV3G |
||
| 043 | _af-tz--- | ||
| 050 | 0 |
_aDT443.3C46 _b.M6 |
|
| 082 | 0 | 0 |
_a301.29/678/26 _218 |
| 082 | 4 | _a967.8 | |
| 100 | 1 |
_aMoore, Sally Falk, _d1924- _917857 |
|
| 245 | 1 | 4 |
_aThe Chagga and Meru of Tanzania / _cby Sally Falk Moore and Paul Puritt ; edited with an introd. by William M. O'Barr. |
| 260 |
_aLondon : _bInternational African Institute, _cc1977. |
||
| 300 |
_axii, 140 p. : _bmaps ; _c24 cm. |
||
| 490 | 1 |
_aEthnographic survey of Africa : East Central Africa ; _v18 |
|
| 504 | _aIncludes bibliographies and index. | ||
| 650 | 0 |
_aChaga (African people) _917089 |
|
| 650 | 0 |
_aMeru (African people) _917858 |
|
| 650 | 6 |
_aChagas (Tribu bantoue) _917859 |
|
| 650 | 6 |
_aMérou (Tribu africaine) _917860 |
|
| 700 | 1 |
_aPuritt, Paul, _eauthor. _917861 |
|
| 776 | 0 | 8 |
_iOnline version: _aMoore, Sally Falk, 1924- _tChagga and Meru of Tanzania. _dLondon : International African Institute, c1977 _w(OCoLC)645247122 |
| 830 | 0 |
_aEthnographic survey of Africa. _pEast Central Africa ; _vpt. 18. _917862 |
|
| 942 |
_2lcc _cMONOGRAPH |
||
| 999 |
_c122851 _d122851 |
||